000 00288nam a22001337a 4500
008 170223b xxu||||| |||| 00| 0 eng d
020 _a753849077084
041 _aeng
080 _a617
100 _a5
101 _aSHK
245 _aCELLS TISSUES AND SKIN
_cCOOLEY,D.A
942 _2udc
_cBK
999 _c6147
_d6147